00758nam a2200229Ii 45000010005000000030009000050080041000140200015000550400033000700410008001030840011001111000033001222450014001552640061001693000012002303360026002423370028002683380027002969400050003239990017003739520138003901732CO-ViMGA241108s9999||||xx |||||||||||||| ||und|| a8420655767 aCO-ViMGAbspaerdacCO-ViMGA0 aspa aP CAT11 aCayo Valerio Cátulo94559710aPoesías 1a[Lugar de publicación no identificado] : Alianza, 2003 avolumen atextbtxt2rdacontent aunmediatedbn2rdamedia avolumebnc2rdacarrier aidficha_siabuc: 1698. -- ficha_no_siabuc:1732 c40125d40125 001040708001aMEVIGERRbMEVIGERRcGENd2004-08-20hVol.1oP CAT1pECA16374r2024-11-25 15:07:40tEj.1w2024-11-25yBKz1698 | 2033